[Event "COL-ch Physically limited 3rd"]
[Site "Colombia"]
[Date "2012.11.27"]
[Round "5.2"]
[White "Soto, Hoover"]
[Black "Montoya, Juan Rafael"]
[Result "0-1"]
[WhiteElo "1695"]
[BlackElo "2016"]
[PlyCount "70"]
[EventDate "2012.11.25"]
[EventType "swiss"]
[EventRounds "7"]
[EventCountry "COL"]
[SourceTitle "EXT 2024"]
[Source "ChessBase"]
[SourceDate "2023.10.10"]
[SourceVersion "1"]
[SourceVersionDate "2023.10.10"]
[SourceQuality "1"]

1. e4 Nc6 2. Nf3 d5 3. exd5 Qxd5 4. Nc3 Qd6 5. d4 Bg4 6. Be3 0-0-0 7. d5 Nb4 8. Bc4 Bxf3 9. gxf3 Qg6 10. Bb3 e6 11. Nb5 exd5 12. Nxa7+ Kb8 13. a3 Na6 14. Nb5 Qg2 15. Ke2 Ne7 16. c4 Nf5 17. Qf1 Nxe3 18. Kxe3 Bc5+ 19. Kd3 Qg6+ 20. Kc3 d4+ 21. Kd2 c6 22. Bc2 Qh6+ 23. Kd1 cxb5 24. cxb5 d3 25. Bxd3 Bb6 26. bxa6 Rxd3+ 27. Kc2 Rd2+ 28. Kb1 Qg6+ 29. Ka2 Qe6+ 30. Kb1 Qf5+ 31. Ka2 Qe6+ 32. Kb1 Rhd8 33. Qg2 Qb3 34. Qg3+ Ka7 35. Qe5 Rd1+ 0-1

[Event "COL-ch Physically limited 3rd"]
[Site "Colombia"]
[Date "2012.11.26"]
[Round "4.1"]
[White "Montoya, Juan Rafael"]
[Black "Molina, Gildardo"]
[Result "0-1"]
[WhiteElo "2016"]
[BlackElo "2076"]
[PlyCount "83"]
[EventDate "2012.11.25"]
[EventType "swiss"]
[EventRounds "7"]
[EventCountry "COL"]
[SourceTitle "EXT 2024"]
[Source "ChessBase"]
[SourceDate "2023.10.10"]
[SourceVersion "1"]
[SourceVersionDate "2023.10.10"]
[SourceQuality "1"]

1. Nc3 d5 2. e4 dxe4 3. Nxe4 Nc6 4. Nf3 e5 5. Bb5 Bd6 6. d4 Be6 7. 0-0 Nge7 8. Re1 0-0 9. dxe5 Bxe5 10. Nc5 Bg4 11. Qxd8 Raxd8 12. Nxe5 Nxe5 13. f3 Rd5 14. b4 Be6 15. c4 Rxc5 16. bxc5 Nd3 17. Re2 Nf5 18. Ba3 c6 19. Ba4 Bxc4 20. Bb3 Ba6 21. Re4 g5 22. g3 h5 23. Rd1 Rd8 24. Re5 Nd4 25. Rxg5+ Kh7 26. Rf1 Kh6 27. f4 Nxb3 28. g4 Nd2 29. Rxh5+ Kg7 30. Rd1 Nf3+ 31. Kg2 Nfe1+ 32. Rxe1 Nxe1+ 33. Kf2 Nd3+ 34. Ke3 Re8+ 35. Kd2 Re4 36. Kc3 Rxf4 37. Rg5+ Kf6 38. h4 Rf3 39. Kd4 Nf2 40. Rf5+ Rxf5 41. gxf5 Kxf5 42. Bb4 0-1